| 000 | 00659nas a2200229 4500 | ||
|---|---|---|---|
| 001 | BR2013010824 | ||
| 003 | BR-BrBNA | ||
| 005 | 20231205123529.0 | ||
| 007 | ta | ||
| 008 | 230509b bl.|||p| |||| 00| 00por d | ||
| 040 |
_aBR-BrBNA _bpor _cBiblioteca Nacional de Agricultura |
||
| 041 | _a(Pt) | ||
| 072 | _aC20 | ||
| 100 | 1 | _aRentero, N. | |
| 245 | 1 | _aMaior consumo através do marketing do leite | |
| 650 | _aCOMUNICAÇÃO DE MASSA | ||
| 650 | _aRELAÇÕES PÚBLICAS | ||
| 650 | _aLEITE | ||
| 773 | 0 |
_tBalde Branco (Brazil) _xISSN _g(Dec 2003), v. 39(470) p. 36-40 _wBR2013010824 |
|
| 909 |
_a202311 _bLúcia _c55 _dLúcia Elande |
||
| 942 |
_2AGRIS _n0 _cANA |
||
| 999 |
_c234383 _d234383 |
||